Franz Schubert / (Record no. 33583)

MARC details
000 -LEADER
campo de control de longitud fija 00742nam a2200241 i 4500
001 - NÚMERO DE CONTROL
campo de control 33583
003 - IDENTIFICADOR DE NÚMERO DE CONTROL
campo de control ES-MaACL
005 - FECHA Y HORA DE LA ÚLTIMA TRANSACCIÓN
campo de control 20230906154801.0
007 - CAMPO FIJO DE DESCRIPCIÓN FÍSICA--INFORMACIÓN GENERAL
campo de control de longitud fija t|
008 - DATOS DE LONGITUD FIJA--INFORMACIÓN GENERAL
campo de control de longitud fija 030202s1981 sp a |||| |bspa d
080 ## - NÚMERO DE LA CLASIFICACIÓN DECIMAL UNIVERSAL
Número de la Clasificación Decimal Universal 929:78 Schubert, Franz
100 1# - ENTRADA PRINCIPAL--NOMBRE DE PERSONA
Nombre de persona Birghoffer, Monique.
9 (RLIN) 28968
245 10 - MENCIÓN DEL TÍTULO
Título Franz Schubert /
Mención de responsabilidad, etc. Monique Birghoffer ; traducción del francés por Víctor Andresco.
260 ## - PUBLICACIÓN, DISTRIBUCIÓN, ETC.
Lugar de publicación, distribución, etc. Madrid :
Nombre del editor, distribuidor, etc. Espasa-Calpe,
Fecha de publicación, distribución, etc. 1981.
300 ## - DESCRIPCIÓN FÍSICA
Extensión 184 p. :
Otras características físicas il. ;
Dimensiones 18 cm.
490 1# - MENCIÓN DE SERIE
Mención de serie Clásicos de la música
504 ## - NOTA DE BIBLIOGRAFÍA, ETC.
Nota de bibliografía, etc. Bibliografía: p. 184.
600 14 - PUNTO DE ACCESO ADICIONAL DE MATERIA--NOMBRE DE PERSONA
Nombre de persona Schubert, Franz.
9 (RLIN) 144151
700 1# - ENTRADA AGREGADA--NOMBRE PERSONAL
Nombre de persona Andresco, Victor.
9 (RLIN) 181483
830 0# - PUNTO DE ACCESO ADICIONAL DE SERIE-TÍTULO UNIFORME
Título uniforme Clásicos de la música
9 (RLIN) 181484
852 ## - LOCALIZACIÓN
Ubicación ES-MaACL
Número de control de estantería L-1119
Holdings
Estatus retirado Estado de pérdida Estado de daño No para préstamo Biblioteca de origen Biblioteca actual Ubicación en estantería Fecha de adquisición Fuente de adquisición Total de préstamos Signatura topográfica completa Código de barras Visto por última vez Precio de reemplazo Tipo de ítem Koha
        Biblioteca del Ateneo de Madrid Biblioteca del Ateneo de Madrid Depósito 2 17/01/2008     L-1119 1034945 23/02/2023 23/02/2023 Libro impreso